000 00580nam a2200229Ia 4500
003 OSt
005 20221007072518.0
006 a|||||r|||| 00| 0
007 ta
008 221006b |||||||| |||| 00| 0 eng d
024 _a24,313
037 _cTextual
040 _aFLL
_cFLL
_beng
041 _2eng
_aeng
082 _aZ3:4, G7
100 _aWinfield P.H.
_9627316
245 0 _aTort
260 _aLondon
_bSweet & Maxwell Limited Tronoto
_c1937
300 _axxxix,728p
_ccm.
942 _hZ3:4, G7
_cTEXL
_2CC
999 _c1146279
_d1146279